NBA/ABA Top 250 Points Leaders - Statistics

General Stats
  • This quiz has been taken 20 times
  • The average score is 91 of 250
Answer Stats
Rank Player PTS % Correct
31 Jerry West 25192
100%
2 Kareem Abdul-Jabbar 38387
100%
1 LeBron James 42988
100%
16 Russell Westbrook 27013
100%
22 Stephen Curry 26447
100%
209 David West 14034
91%
11 James Harden 28897
91%
6 Kevin Durant 31927
91%
4 Kobe Bryant 33643
91%
5 Michael Jordan 32292
91%
102 Nikola Jokić 17383
91%
12 Shaquille O'Neal 28596
91%
186 Bill Russell 14522
82%
17 Hakeem Olajuwon 26946
82%
112 Klay Thompson 17114
82%
115 Bob Cousy 16960
73%
13 Carmelo Anthony 28289
73%
51 David Robinson 20790
73%
228 David Thompson 13422
73%
7 Dirk Nowitzki 31560
73%
39 Dwyane Wade 23165
73%
47 Giannis Antetokounmpo 21377
73%
221 Jayson Tatum 13784
73%
Josh Smith 12996
73%
9 Julius Erving 30026
73%
3 Karl Malone 36928
73%
26 Kevin Garnett 26071
73%
80 Kyrie Irving 18433
73%
45 Larry Bird 21791
73%
199 Luka Dončić 14295
73%
91 Magic Johnson 17707
73%
10 Moses Malone 29580
73%
132 Randy Smith 16262
73%
72 Scottie Pippen 18940
73%
101 Steve Nash 17387
73%
227 Steve Smith 13430
73%
35 Allen Iverson 24368
64%
118 Buck Williams 16784
64%
41 Chris Paul 23058
64%
155 Dennis Johnson 15535
64%
219 Deron Williams 13804
64%
61 Dwight Howard 19485
64%
67 Eddie Johnson 19202
64%
205 Gus Williams 14093
64%
98 Jason Kidd 17529
64%
108 Jeff Malone 17231
64%
54 Joe Johnson 20407
64%
141 Kawhi Leonard 15930
64%
238 Kevin Johnson 13127
64%
151 Lou Williams 15593
64%
217 Marques Johnson 13892
64%
62 Tony Parker 19473
64%
8 Wilt Chamberlain 31419
64%
65 Anthony Davis 19385
55%
216 Bob Love 13895
55%
50 Bob Pettit 20880
55%
36 Charles Barkley 23757
55%
59 Clifford Robinson 19591
55%
43 Clyde Drexler 22195
55%
97 Devin Booker 17540
55%
19 Dominique Wilkins 26668
55%
40 Elgin Baylor 23149
55%
200 Glenn Robinson 14234
55%
75 Isiah Thomas 18822
55%
236 Jalen Rose 13220
55%
248 Jaylen Brown 12894
55%
57 John Stockton 19711
55%
133 Juwan Howard 16159
55%
150 Kevin Love 15629
55%
89 Lenny Wilkens 17772
55%
208 Manu Ginóbili 14043
55%
18 Oscar Robertson 26710
55%
49 Pau Gasol 20894
55%
21 Tim Duncan 26496
55%
158 Tim Hardaway 15373
55%
81 Tracy McGrady 18381
55%
27 Vince Carter 25728
55%
28 Alex English 25613
45%
198 Alonzo Mourning 14311
45%
130 Andre Miller 16278
45%
226 Baron Davis 13447
45%
187 Blake Griffin 14513
45%
109 Chris Bosh 17189
45%
42 Damian Lillard 22598
45%
25 DeMar DeRozan 26372
45%
15 Elvin Hayes 27313
45%
210 Fred Brown 14018
45%
44 Gary Payton 21813
45%
192 Jeff Green 14454
45%
121 Jimmy Butler 16658
45%
232 Joel Embiid 13348
45%
24 John Havlicek 26395
45%
140 Karl-Anthony Towns 15936
45%
119 Latrell Sprewell 16712
45%
33 Patrick Ewing 24815
45%
69 Paul George 19128
45%
34 Ray Allen 24505
45%
Reggie Miller 25279
45%
29 Rick Barry 25279
45%
37 Robert Parish 23334
45%
60 Walter Davis 19521
45%
38 Adrian Dantley 23177
36%
137 Amar'e Stoudemire 15994
36%
148 Antoine Walker 15647
36%
32 Artis Gilmore 24941
36%
58 Bernard King 19655
36%
88 Brook Lopez 17861
36%
74 Chet Walker 18831
36%
87 Chris Mullin 17911
36%
110 Chris Webber 17182
36%
83 Dave Bing 18327
36%
135 Derek Harper 16006
36%
176 Donovan Mitchell 14847
36%
20 George Gervin 26595
36%
111 Grant Hill 17137
36%
173 James Edwards 14862
36%
127 James Worthy 16320
36%
125 Joe Dumars 16401
36%
195 Jo Jo White 14399
36%
188 Kemba Walker 14486
36%
103 Kevin McHale 17335
36%
107 Kevin Willis 17253
36%
126 Kyle Lowry 16368
36%
52 LaMarcus Aldridge 20558
36%
168 Mike Mitchell 15016
36%
53 Mitch Richmond 20497
36%
23 Paul Pierce 26397
36%
139 Pete Maravich 15948
36%
Rasheed Wallace 16006
36%
190 Ricky Pierce 14467
36%
Ron Harper 13910
36%
122 Tiny Archibald 16481
36%
197 Zach LaVine 14338
36%
170 Al Horford 14968
27%
128 Billy Cunningham 16310
27%
76 Bob McAdoo 18787
27%
85 Calvin Murphy 17949
27%
143 Chauncey Billups 15802
27%
71 Dale Ellis 19004
27%
79 Dolph Schayes 18438
27%
203 Eric Gordon 14167
27%
82 Glen Rice 18336
27%
189 Hersey Hawkins 14470
27%
233 Jermaine O'Neal 13309
27%
116 Jrue Holiday 16865
27%
120 Mike Conley 16665
27%
174 Monta Ellis 14858
27%
160 Shawn Kemp 15347
27%
92 Shawn Marion 17700
27%
113 Spencer Haywood 17111
27%
202 Thaddeus Young 14225
27%
55 Tom Chambers 20049
27%
48 Walt Bellamy 20941
27%
153 Walt Frazier 15581
27%
77 Zach Randolph 18578
27%
213 Alvan Adams 13910
18%
212 Andre Iguodala 13968
18%
169 Andrew Wiggins 15007
18%
56 Antawn Jamison 20042
18%
220 Bill Laimbeer 13790
18%
66 Bob Lanier 19248
18%
104 Bradley Beal 17306
18%
165 Byron Scott 15097
18%
177 Charlie Scott 14837
18%
123 CJ McCollum 16414
18%
14 Dan Issel 27482
18%
225 Dave Cowens 13516
18%
144 Detlef Schrempf 15761
18%
99 Earl Monroe 17454
18%
204 Eddie Jones 14155
18%
117 Elton Brand 16827
18%
68 Gail Goodrich 19181
18%
46 Hal Greer 21586
18%
194 Harrison Barnes 14401
18%
73 Jason Terry 18881
18%
Jerry Lucas 14053
18%
178 Julius Randle 14781
18%
78 Mark Aguirre 18458
18%
175 Maurice Lucas 14857
18%
240 Metta World Peace 13058
18%
Michael Finley 17306
18%
179 Mike Bibby 14698
18%
193 Nate Thurmond 14437
18%
96 Nikola Vučević 17579
18%
131 Paul Arizin 16266
18%
154 Rashard Lewis 15579
18%
145 Richard Hamilton 15708
18%
94 Rolando Blackman 17623
18%
100 Ron Boone 17437
18%
93 Rudy Gay 17642
18%
157 Sam Jones 15411
18%
63 Terry Cummings 19460
18%
152 Terry Porter 15586
18%
134 Tobias Harris 16130
18%
84 World B. Free 17955
18%
196 Al Jefferson 14343
9%
90 Bailey Howell 17770
9%
245 Bob Boozer 12964
9%
211 Carlos Boozer 13976
9%
206 Dave DeBusschere 14053
9%
249 Derrick Coleman 12884
9%
114 George McGinnis 17009
9%
242 Horace Grant 12996
9%
106 Jack Sikma 17287
9%
64 Jamal Crawford 19419
9%
147 Jeff Hornacek 15659
9%
124 Jerry Stackhouse 16409
9%
247 Kendall Gill 12914
9%
234 Khris Middleton 13291
9%
138 Kiki Vandeweghe 15980
9%
86 Lou Hudson 17940
9%
163 Louie Dampier 15279
9%
95 Otis Thorpe 17600
9%
222 Peja Stojaković 13647
9%
70 Reggie Theus 19015
9%
171 Richard Jefferson 14904
9%
191 Rod Strickland 14463
9%
230 Rudy Tomjanovich 13383
9%
244 Stephen Jackson 12976
9%
129 Stephon Marbury 16297
9%
229 Vlade Divac 13398
9%
224 Xavier McDaniel 13606
9%
235 Al Harrington 13237
0%
184 Allan Houston 14551
0%
215 Billy Knight 13901
0%
239 Billy Paultz 13099
0%
156 Bob Dandridge 15530
0%
218 Chuck Person 13858
0%
172 Cliff Hagan 14870
0%
237 Corey Maggette 13198
0%
159 Dick Barnett 15358
0%
166 Dick Van Arsdale 15079
0%
142 Jack Twyman 15840
0%
Jamaal Wilkes 14644
0%
181 Jason Richardson 14644
0%
241 Jeff Mullins 13017
0%
162 John Drew 15291
0%
246 Larry Kenon 12954
0%
146 Larry Nance 15687
0%
231 Luol Deng 13361
0%
223 Orlando Woolridge 13623
0%
185 Paul Millsap 14536
0%
183 Purvis Short 14607
0%
180 Richie Guerin 14676
0%
149 Sam Cassell 15635
0%
161 Sam Perkins 15324
0%
167 Shareef Abdur-Rahim 15028
0%
201 Tom Van Arsdale 14232
0%
250 Wayman Tisdale 12878
0%
164 Zelmo Beaty 15207
0%
No matching quizzes found
Score Distribution
Percent of People with Each Score
Percentile by Number Answered
Your Score History
You have not taken this quiz